Normal view
MARC view
- Steiner, Henery M
Entry Personal Name
001 - CONTROL NUMBER
- control field: 38546
003 - CONTROL NUMBER IDENTIFIER
- control field: NUST
005 - DATE AND TIME OF LATEST TRANSACTION
- control field: 20210314130748.0
008 - FIXED-LENGTH DATA ELEMENTS
- fixed length control field: 210314|| aca||aabn | a|a d
040 ## - CATALOGING SOURCE
- Original cataloging agency: NUST
- Transcribing agency: NUST
100 ## - HEADING--PERSONAL NAME
- Personal name: Steiner, Henery M
670 ## - SOURCE DATA FOUND
- Source citation: Work cat.: (NUST): Steiner, Henery M, Criteria for planning rural roads in a developing country, 1965
